<?xml version="1.0" encoding="UTF-8"?>
<record
    xmlns:xsi="http://www.w3.org/2001/XMLSchema-instance"
    xsi:schemaLocation="http://www.loc.gov/MARC21/slim http://www.loc.gov/standards/marcxml/schema/MARC21slim.xsd"
    xmlns="http://www.loc.gov/MARC21/slim">

  <leader>02973cab a2200301Ia 45 0</leader>
  <controlfield tag="001">u210742</controlfield>
  <controlfield tag="003">SIRSI</controlfield>
  <controlfield tag="008">110331s2014    ua     ss b         eng d</controlfield>
  <datafield tag="040" ind1=" " ind2=" ">
    <subfield code="a">EAL</subfield>
  </datafield>
  <datafield tag="041" ind1=" " ind2=" ">
    <subfield code="a">eng</subfield>
    <subfield code="b">ara</subfield>
  </datafield>
  <datafield tag="090" ind1=" " ind2=" ">
    <subfield code="a">ART AJARX V59 No1 1</subfield>
  </datafield>
  <datafield tag="100" ind1="1" ind2=" ">
    <subfield code="a">Ismail, Neveen S. </subfield>
  </datafield>
  <datafield tag="240" ind1="1" ind2="0">
    <subfield code="a">Alexandria journal of agricultural research, 2014 v. 59 (1)</subfield>
    <subfield code="h">[electronic resource].</subfield>
  </datafield>
  <datafield tag="245" ind1="1" ind2="0">
    <subfield code="a">Red ginseng extract and selenium reduce oxidative stress induced by potassium bromate in male rats</subfield>
    <subfield code="h">[electronic resource].</subfield>
  </datafield>
  <datafield tag="246" ind1="1" ind2="5">
    <subfield code="a">&#x62E;&#x644;&#x627;&#x635;&#x629; &#x646;&#x628;&#x627;&#x62A; &#x627;&#x644;&#x62C;&#x646;&#x633;&#x646;&#x62C; &#x627;&#x644;&#x623;&#x62D;&#x645;&#x631; &#x648;&#x627;&#x644;&#x633;&#x644;&#x64A;&#x646;&#x64A;&#x648;&#x645; &#x62A;&#x642;&#x644;&#x644; &#x645;&#x646; &#x627;&#x644;&#x625;&#x62C;&#x647;&#x627;&#x62F; &#x627;&#x644;&#x62A;&#x623;&#x643;&#x633;&#x62F;&#x649; &#x641;&#x649; &#x630;&#x643;&#x648;&#x631; &#x627;&#x644;&#x641;&#x626;&#x631;&#x627;&#x646; &#x627;&#x644;&#x645;&#x62D;&#x62F;&#x62B; &#x628;&#x628;&#x631;&#x648;&#x645;&#x627;&#x62A; &#x627;&#x644;&#x628;&#x648;&#x62A;&#x627;&#x633;&#x64A;&#x648;&#x645;.</subfield>
  </datafield>
  <datafield tag="300" ind1=" " ind2=" ">
    <subfield code="a">p.1-8.</subfield>
  </datafield>
  <datafield tag="504" ind1=" " ind2=" ">
    <subfield code="a">Includes references.</subfield>
  </datafield>
  <datafield tag="520" ind1=" " ind2=" ">
    <subfield code="a">The effect of red ginseng extract (RGE) and selenium (Se) on potassium bromate (KBr03)-induced oxidative stress in rats was investigated. Fifty mature male rats were used in this study and randomly distributed into 5 groups (n=1O). Group (1) was kept as a negative control and the other 4 groups were injected with a single intraperitoneal dose ofKBr03 (125 mg/kg/BW) to induce oxidative stress. Group (2) was kept as a positive control and groups (3), (4) and (5) were orally given RGE (200 mg/kg/ BW), Se (0.5 mg/kg/ BW) and RGE and Se, daily for 8 weeks, respectively. At the end of experiment, blood samples were collected and livers were taken for biochemical analyses. The results showed that oxidative stress induced by KBr03 in rats caused significant decreases in body weight gain and feed efficiency ratio. It also passively affected biomarkers of hepatorenal function, increased lipid peroxidation and decreased the activity of antioxidant enzymes (GPX, SOD and CAT) in liver tissues. Oral administration of RGE increased weight gain and feed efficiency ratio. RGE also improved hepatorenal function, decreased lipid peroxidation and normalized biomarkers of oxidative stress. These effects were amplified by coadministration of red ginseng extract with selenium and this might be attributed to the addition effect. In conclusion, coadministration of red ginseng plant and selenium induces high antioxidant activity as it markedly reduces oxidative stress biomarkers in rats. Therefore intake of red ginseng and selenium may be beneficial for patients with oxidative stress which is linked as a main cause of many diseases.  Key words: Red Ginseng; Selenium; Oxidative stress; Potassium bromate Antioxidants; Hepatorenal function; Biochemistry; Rats.</subfield>
  </datafield>
  <datafield tag="546" ind1=" " ind2=" ">
    <subfield code="a">Summary in Arabic.</subfield>
  </datafield>
  <datafield tag="650" ind1=" " ind2="0">
    <subfield code="a">Rats</subfield>
    <subfield code="x">Diseases.</subfield>
  </datafield>
  <datafield tag="650" ind1=" " ind2="0">
    <subfield code="a">Oxidative stress.</subfield>
  </datafield>
  <datafield tag="650" ind1=" " ind2="0">
    <subfield code="a">Potassium bromate.</subfield>
  </datafield>
  <datafield tag="650" ind1=" " ind2="0">
    <subfield code="a">Ginseng</subfield>
    <subfield code="x">Therapeutic use.</subfield>
  </datafield>
  <datafield tag="650" ind1=" " ind2="0">
    <subfield code="a">Selenium</subfield>
    <subfield code="x">Therapeutic use.</subfield>
  </datafield>
  <datafield tag="773" ind1="0" ind2=" ">
    <subfield code="t">Alexandria Journal of Agricultural Research. </subfield>
    <subfield code="g">2014.v.59(1)</subfield>
    <subfield code="x">0044-7250</subfield>
    <subfield code="7">nnas</subfield>
    <subfield code="w">u158486</subfield>
  </datafield>
  <datafield tag="856" ind1="4" ind2="0">
    <subfield code="u">http://nile.enal.sci.eg/EALE/2014/AJARX/5914/1/1.pdf</subfield>
    <subfield code="z">Full Text Article</subfield>
  </datafield>
  <datafield tag="596" ind1=" " ind2=" ">
    <subfield code="a">1</subfield>
  </datafield>
  <datafield tag="942" ind1=" " ind2=" ">
    <subfield code="c">AR</subfield>
    <subfield code="2">lcc</subfield>
  </datafield>
  <datafield tag="999" ind1=" " ind2=" ">
    <subfield code="c">59944</subfield>
    <subfield code="d">59944</subfield>
  </datafield>
</record>
